[Event "Oruro Baptista Memorial"]
[Site "Oruro"]
[Date "2023.11.04"]
[Round "7"]
[White "Soliz Flores, Luz Neyda"]
[Black "Castillo Yujra, Miguel Angel"]
[Result "0-1"]
[WhiteElo "1434"]
[BlackElo "1950"]
[PlyCount "118"]
[EventDate "2023.11.01"]
[EventType "swiss"]
[EventRounds "9"]
[EventCountry "BOL"]
[SourceTitle "Mega2024 Update 01"]
[Source "Chessbase"]
[SourceDate "2023.11.12"]
[SourceVersion "1"]
[SourceVersionDate "2023.11.12"]
[SourceQuality "1"]

1. d4 Nf6 2. Nf3 d6 3. Nc3 Nbd7 4. e4 e5 5. dxe5 dxe5 6. a3 Bc5 7. Bc4 0-0 8. 0-0 h6 9. Ba2 c6 10. h3 Re8 11. Qd3 Qe7 12. Rd1 Bb6 13. g3 Nc5 14. Qe2 Bxh3 15. b4 Ncd7 16. Be3 Bg4 17. Kg2 Nf8 18. Bxb6 axb6 19. Qe3 b5 20. Ne2 Ng6 21. Nd2 Be6 22. c4 bxc4 23. Nxc4 Bxc4 24. Bxc4 Nf8 25. Ng1 Ne6 26. Nf3 Ng4 27. Qe2 Red8 28. Nh4 Rxd1 29. Rxd1 Qxh4 30. gxh4 Nf4+ 31. Kf3 Nxe2 32. Bxe2 Nf6 33. Rd3 Kf8 34. Ke3 Ke7 35. Rc3 Kd6 36. Bc4 Ke7 37. Be2 Nd7 38. Bc4 Nb6 39. Be2 f5 40. Bd3 f4+ 41. Kf3 Nd7 42. Bf1 Nf6 43. b5 Kd6 44. bxc6 bxc6 45. Bh3 g6 46. Bf1 Ra4 47. Bc4 g5 48. Bd3 g4+ 49. Kg2 Nxe4 50. Rc2 Nf6 51. Bf5 Rxa3 52. Rd2+ Kc7 53. Rc2 h5 54. Bg6 Rh3 55. Bf5 Rxh4 56. f3 g3 57. Kg1 Rh2 58. Rxh2 gxh2+ 59. Kxh2 Kd6 0-1

[Event "Cochabamba GP op 4th"]
[Site "Cochabamba"]
[Date "2023.09.10"]
[Round "7"]
[White "Castillo Yujra, Miguel Angel"]
[Black "Titichoca Daza, Daniel Henry"]
[Result "1/2-1/2"]
[WhiteElo "1940"]
[BlackElo "2151"]
[PlyCount "23"]
[EventDate "2023.09.07"]
[EventType "swiss"]
[EventRounds "7"]
[EventCountry "BOL"]
[SourceTitle "EXT 2024"]
[Source "ChessBase"]
[SourceDate "2023.10.10"]
[SourceVersion "1"]
[SourceVersionDate "2023.10.10"]
[SourceQuality "1"]

1. e4 c5 2. Nf3 d6 3. Bb5+ Bd7 4. Bxd7+ Nxd7 5. c4 Ngf6 6. Nc3 g6 7. 0-0 Bg7 8. Qb3 Qb6 9. d3 0-0 10. Bg5 e6 11. Bf4 Qxb3 12. axb3 1/2-1/2

[Event "Cochabamba GP op 4th"]
[Site "Cochabamba"]
[Date "2023.09.08"]
[Round "4"]
[White "Soliz Flores, Luz Neyda"]
[Black "Castillo Yujra, Miguel Angel"]
[Result "0-1"]
[WhiteElo "1517"]
[BlackElo "1940"]
[PlyCount "86"]
[EventDate "2023.09.07"]
[EventType "swiss"]
[EventRounds "7"]
[EventCountry "BOL"]
[SourceTitle "EXT 2024"]
[Source "ChessBase"]
[SourceDate "2023.10.10"]
[SourceVersion "1"]
[SourceVersionDate "2023.10.10"]
[SourceQuality "1"]

1. d4 Nf6 2. Nf3 g6 3. Nc3 d5 4. Bf4 Nh5 5. Bd2 Bg7 6. h3 c5 7. e3 Nc6 8. Bc1 0-0 9. Be2 Nf6 10. 0-0 Ne4 11. Rb1 Nxc3 12. bxc3 Qa5 13. Bd2 c4 14. Qc1 a6 15. Nh2 e5 16. f4 exf4 17. exf4 b5 18. Bf3 Rd8 19. Ng4 Bf5 20. Ne3 Be4 21. Bxe4 dxe4 22. f5 Rd7 23. Qe1 Qd8 24. Qf2 b4 25. f6 bxc3 26. Bxc3 Bf8 27. d5 Na7 28. Bb4 Nb5 29. Bxf8 Qxf8 30. Nxc4 Rxd5 31. Nb6 Rf5 32. Qe3 Rxf1+ 33. Rxf1 Rd8 34. Kh1 Nd6 35. g4 h6 36. c4 Kh7 37. c5 Nb5 38. Rc1 Qe8 39. Kg2 Rd3 40. Qf4 Rf3 41. Qd2 Qe5 42. Rc2 Qg3+ 43. Kh1 Rf1# 0-1

[Event "Cochabamba op 6th"]
[Site "Cochabamba"]
[Date "2023.03.02"]
[Round "2"]
[White "Castillo Yujra, Miguel Angel"]
[Black "El Hage Serrano, Caely Dilsa"]
[Result "1-0"]
[WhiteElo "1902"]
[BlackElo "1443"]
[PlyCount "157"]
[EventDate "2023.03.02"]
[EventType "swiss"]
[EventRounds "7"]
[EventCountry "BOL"]
[SourceTitle "CBM 213 Extra"]
[Source "ChessBase"]
[SourceDate "2023.05.31"]
[SourceVersion "1"]
[SourceVersionDate "2023.05.31"]
[SourceQuality "1"]

1. e4 e6 2. d3 d5 3. Nd2 Nf6 4. Ngf3 Nc6 5. g3 b6 6. e5 Nd7 7. Qe2 a5 8. Bg2 Ba6 9. Nf1 Be7 10. h4 Nc5 11. Bf4 Qd7 12. N1h2 Na4 13. 0-0 0-0 14. Rab1 Nc5 15. h5 f5 16. exf6 Bxf6 17. Bh3 Qe7 18. Ne5 Bxe5 19. Bxe5 Nxe5 20. Qxe5 Rae8 21. Rbe1 Qf7 22. f4 Qf6 23. Ng4 Qxe5 24. Nxe5 Bc8 25. Rf2 Rf6 26. Rfe2 Kf8 27. a3 Rh6 28. Bg4 Rf6 29. b4 axb4 30. axb4 Nb7 31. Nf3 Nd6 32. Ng5 Kg8 33. Bxe6+ Bxe6 34. Nxe6 c6 35. Nd4 Rxe2 36. Rxe2 c5 37. bxc5 bxc5 38. Ne6 c4 39. Nc7 cxd3 40. cxd3 Nf5 41. Nxd5 Rd6 42. Re5 Nh6 43. Nb4 Kf7 44. Kg2 Ng4 45. Rg5 Ne3+ 46. Kf3 Nd1 47. Rc5 Rd4 48. Rc4 Rd7 49. Rc2 Rd4 50. Ke2 Rxb4 51. Kxd1 Rb1+ 52. Ke2 Rh1 53. Rc5 Rh2+ 54. Ke3 Rg2 55. Rg5 h6 56. Rg6 Rh2 57. g4 Rh1 58. Ke4 Re1+ 59. Kd5 Rf1 60. f5 Rd1 61. d4 Rg1 62. Kd6 Rd1 63. d5 Rd2 64. Kc6 Rc2+ 65. Kd7 Rd2 66. d6 Rd1 67. Kc7 Rc1+ 68. Kd8 Rd1 69. Kc7 Rc1+ 70. Kd7 Rd1 71. Re6 Rd2 72. Re5 Rd1 73. Kc6 Rc1+ 74. Rc5 Rd1 75. d7 Ke7 76. Re5+ Kf7 77. Rd5 g5 78. hxg6+ Kg7 79. Rxd1 1-0

[Event "Arica op 5th"]
[Site "Arica"]
[Date "2018.12.13"]
[Round "1"]
[White "Stupak, Kirill"]
[Black "Castillo Yujra, Miguel Angel"]
[Result "1-0"]
[WhiteElo "2557"]
[BlackElo "1952"]
[PlyCount "97"]
[EventDate "2018.12.13"]
[EventType "swiss"]
[EventRounds "10"]
[EventCountry "CHI"]
[SourceTitle "CBM 188 Extra"]
[Source "ChessBase"]
[SourceDate "2019.02.26"]
[SourceVersion "1"]
[SourceVersionDate "2019.02.26"]
[SourceQuality "1"]

1. d4 Nf6 2. c4 g6 3. Nc3 Bg7 4. e4 d6 5. f3 0-0 6. Be3 e5 7. Nge2 exd4 8. Nxd4 Nc6 9. Be2 Be6 10. 0-0 Nxd4 11. Bxd4 c6 12. Qd2 d5 13. exd5 cxd5 14. c5 b6 15. cxb6 axb6 16. Rfd1 Qb8 17. Qe3 Qb7 18. a4 Rab8 19. Nb5 Bd7 20. Rac1 Rfe8 21. Qf2 Bxb5 22. Bxb5 Re6 23. Re1 Rxe1+ 24. Rxe1 Nh5 25. Be3 Nf6 26. Rc1 Qa7 27. b4 Qe7 28. Qd2 Bf8 29. Rc6 d4 30. Bf4 Ra8 31. Bd6 Qd8 32. Bxf8 Kxf8 33. Qf4 Kg7 34. Rd6 Qe7 35. Qxd4 Rxa4 36. Rxf6 Rxb4 37. Re6+ Kg8 38. Rxe7 Rxd4 39. Rb7 Rd6 40. Bc4 Rf6 41. Kf2 Kg7 42. h4 h6 43. Ke3 g5 44. h5 Rf4 45. Bd5 Rf5 46. Ke4 Rf4+ 47. Ke5 Rf6 48. g3 b5 49. Rb8 1-0

[Event "Cochabamba op 1st"]
[Site "Cochabamba"]
[Date "2015.01.30"]
[Round "4"]
[White "Molina Chambilla, Jessica"]
[Black "Castillo Yujra, Miguel Angel"]
[Result "1-0"]
[WhiteElo "1694"]
[BlackElo "2011"]
[PlyCount "125"]
[EventDate "2015.01.29"]
[EventType "swiss"]
[EventRounds "7"]
[EventCountry "BOL"]
[SourceTitle "CBM 164 Extra"]
[Source "ChessBase"]
[SourceDate "2015.03.02"]
[SourceVersion "1"]
[SourceVersionDate "2015.03.02"]
[SourceQuality "1"]

1. d3 Nf6 2. g3 g6 3. Bg2 Bg7 4. Nd2 d6 5. h3 Nbd7 6. e3 c6 7. Ne2 e5 8. e4 0-0 9. 0-0 Qc7 10. f4 exf4 11. Nxf4 Nc5 12. Nf3 Ne6 13. c3 Nxf4 14. Bxf4 Nh5 15. Qd2 Nxf4 16. Qxf4 Qb6+ 17. Rf2 c5 18. Qd2 f5 19. exf5 Bxf5 20. Kh1 Bd7 21. Raf1 Bc6 22. Kh2 Rae8 23. Ng5 Rxf2 24. Qxf2 Qc7 25. Bxc6 bxc6 26. Kg2 Qe7 27. Qf3 d5 28. h4 h6 29. Nh3 Rf8 30. Qg4 Rxf1 31. Kxf1 Qe3 32. Nf2 Qc1+ 33. Qd1 Qxb2 34. Qg4 Qxa2 35. Qxg6 Qb1+ 36. Kg2 Qc2 37. Qxc6 Qxc3 38. Qxd5+ Kh7 39. Qe4+ Kg8 40. Qa8+ Kh7 41. Qxa7 Qc2 42. Qf7 Qc3 43. Qc4 Qxc4 44. dxc4 Kg6 45. Kf3 Kf5 46. Nd3 Bf8 47. g4+ Ke6 48. Ke4 Be7 49. Nf4+ Kf7 50. h5 Bg5 51. Nd3 Ke6 52. Nxc5+ Kd6 53. Nd3 Kc6 54. Ke5 Bd2 55. Kf6 Kd6 56. Kg6 Ke6 57. Nc5+ Ke5 58. Nd7+ Ke4 59. Nf6+ Kd4 60. c5 Bf4 61. c6 Kc5 62. c7 Bxc7 63. Kxh6 1-0